000 00324nam a2200145Ia 4500
100 _aRoach/Roy
942 _cBK
654 _aComputer
245 _aExcel 5 for Windows in easy steps
260 _bEast West Press
_aNew Delhi
_c1994
082 _a005.133'E'
_bROA
300 _a336
546 _aENGLISH
999 _c24704
_d24704